000 00269nam a2200121Ia 4500
008 221030s9999 xx 000 0 und d
041 _aEnglish
100 _aR. J. Best
245 0 _aMarket Based Mangement
_cby R. J. Best
260 _c0
650 _aMb
942 _cBK
999 _c14681
_d14681